Dorozumenie v odbornej angličtine

Komunikácia v odbornej angličtine má svoje špecifiká; výrazne vystupujú do popredia napr. v prípade leteckej odbornej angličtiny kodifikovanej ako Aviation English. Viaceré skúsenosti z problémov porozumenia si v Aviation English sa dajú prenesene aplikovať na obchodnú angličtinu, ktorá sa etabloval...

ver descrição completa

Na minha lista:
Detalhes bibliográficos
Autor principal: Sztuková, Mária
Formato: Capítulo de Livro
Idioma:eslovaco
Assuntos:
Tags: Adicionar Tag
Sem tags, seja o primeiro a adicionar uma tag!

MARC

LEADER 00000nla a2200000 4500
001 0163345
005 20240502072834.0
041 0 |a slo 
044 |a SK 
245 1 0 |a Dorozumenie v odbornej angličtine  |c Mária Sztuková 
520 |a Komunikácia v odbornej angličtine má svoje špecifiká; výrazne vystupujú do popredia napr. v prípade leteckej odbornej angličtiny kodifikovanej ako Aviation English. Viaceré skúsenosti z problémov porozumenia si v Aviation English sa dajú prenesene aplikovať na obchodnú angličtinu, ktorá sa etablovala ako BELF (bussiness Englisch as lingua franca) - neutrálny jazyk pre vzájomnú obchodnú komunikáciu prevažne nie rodených hovorcov angličtiny. 
610 2 0 |a angličtina 
610 2 0 |a jazyky cudzie 
610 2 0 |a jazyk odborný 
610 2 0 |a komunikácia 
100 1 |a Sztuková, Mária